[Event "Politiken Cup 34th"]
[Site "Helsingor"]
[Date "2012.08.02"]
[Round "7"]
[White "Nielsen, Aage Sondergaard"]
[Black "Larsen, Peter"]
[Result "0-1"]
[WhiteElo "1957"]
[BlackElo "2206"]
[PlyCount "74"]
[EventDate "2012.07.28"]
[EventType "swiss"]
[EventRounds "10"]
[EventCountry "DEN"]
[SourceTitle "CBM 149 Extra"]
[Source "ChessBase"]
[SourceDate "2012.08.24"]
[SourceVersion "1"]
[SourceVersionDate "2012.08.24"]
[SourceQuality "1"]

1. e4 c6 2. Nc3 d5 3. Nf3 dxe4 4. Nxe4 Nd7 5. Bc4 e6 6. 0-0 Ngf6 7. d3 Nb6 8. Bb3 Be7 9. Qe2 0-0 10. Bd2 Nbd5 11. Rfe1 Qc7 12. Rad1 b6 13. Bc3 Nxe4 14. Qxe4 Nxc3 15. bxc3 Bb7 16. Qg4 c5 17. Re3 Bf6 18. Ng5 h6 19. Ne4 Bxe4 20. Qxe4 Bxc3 21. g4 Rad8 22. Qg2 Qe7 23. Rf1 Rd4 24. f4 c4 25. dxc4 Qc5 26. Qf3 Bd2 27. Re5 Rd5+ 28. Kg2 Rxe5 29. fxe5 Qxe5 30. Rf2 Bb4 31. Re2 Qg5 32. c3 Bc5 33. Bc2 f5 34. h3 Qc1 35. Kg3 Bd6+ 36. Kg2 fxg4 37. Qe4 Qf1# 0-1

[Event "Politiken Cup 34th"]
[Site "Helsingor"]
[Date "2012.07.31"]
[Round "5"]
[White "Timman, Jan H"]
[Black "Larsen, Peter"]
[Result "1-0"]
[WhiteElo "2575"]
[BlackElo "2206"]
[PlyCount "123"]
[EventDate "2012.07.28"]
[EventType "swiss"]
[EventRounds "10"]
[EventCountry "DEN"]
[SourceTitle "CBM 149 Extra"]
[Source "ChessBase"]
[SourceDate "2012.08.24"]
[SourceVersion "1"]
[SourceVersionDate "2012.08.24"]
[SourceQuality "1"]

1. c4 c6 2. Nf3 d5 3. g3 Nf6 4. Bg2 dxc4 5. 0-0 Nbd7 6. Qc2 Nb6 7. Na3 Qd5 8. Ne1 Qe6 9. d3 cxd3 10. Nxd3 g6 11. Nc5 Qf5 12. e4 Qh5 13. b4 Bg7 14. Bb2 0-0 15. Nd3 g5 16. Rae1 Ng4 17. h3 Nh6 18. Bxg7 Kxg7 19. Qc5 Ng8 20. h4 f6 21. hxg5 Qxg5 22. e5 Nd7 23. Qc3 fxe5 24. Nc4 Qf6 25. Ncxe5 Nxe5 26. Rxe5 Bf5 27. Nf4 Bg6 28. Ne6+ Kh8 29. Nxf8 Rxf8 30. Qe3 Rd8 31. Re1 a6 32. a4 Bc2 33. b5 Bxa4 34. bxa6 bxa6 35. Re6 Qd4 36. Qxd4+ Rxd4 37. Bxc6 Bc2 38. Be4 Bxe4 39. R1xe4 Rd1+ 40. Re1 Rd2 41. Rxa6 Kg7 42. Kg2 Rb2 43. g4 h6 44. Kg3 Rb7 45. f3 Rc7 46. Rea1 Rb7 47. Ra8 Rb2 48. R1a5 Rb1 49. R5a7 Re1 50. Kf2 Re6 51. Ra6 Re5 52. Ra5 Re6 53. R8a6 Rf6 54. Rxf6 exf6 55. Kg3 Ne7 56. Ra7 Kf8 57. Kh4 f5 58. Rxe7 Kxe7 59. Kh5 fxg4 60. fxg4 Kf7 61. Kxh6 Kg8 62. g5 1-0

[Event "Hradec Kralove op"]
[Site "Hradec Kralove"]
[Date "2012.05.16"]
[Round "6"]
[White "Larsen, Peter"]
[Black "Kastner, Oldrich"]
[Result "0-1"]
[WhiteElo "2232"]
[BlackElo "2102"]
[PlyCount "116"]
[EventDate "2012.05.12"]
[EventType "swiss"]
[EventRounds "9"]
[EventCountry "CZE"]
[SourceTitle "CBM 148 Extra"]
[Source "ChessBase"]
[SourceDate "2012.06.22"]
[SourceVersion "1"]
[SourceVersionDate "2012.06.22"]
[SourceQuality "1"]

1. d4 Nf6 2. c4 e6 3. g3 Bb4+ 4. Nd2 d5 5. Bg2 c6 6. Qb3 Qb6 7. Ngf3 Nbd7 8. cxd5 exd5 9. 0-0 0-0 10. a3 Bd6 11. Qxb6 axb6 12. Nb3 Re8 13. Re1 Ne4 14. Bf4 Bxf4 15. gxf4 Nd6 16. Nbd2 Nf8 17. e3 Bf5 18. Rac1 h6 19. Ne5 f6 20. Nxc6 bxc6 21. Rxc6 Ne4 22. Nxe4 Bxe4 23. Bxe4 dxe4 24. Rxb6 Reb8 25. Rxb8 Rxb8 26. b4 Ra8 27. Ra1 Ra4 28. f5 Nd7 29. Kg2 Nb6 30. Kg3 Nd5 31. b5 Nc3 32. b6 Ra6 33. a4 Rxb6 34. Kf4 Ra6 35. a5 Kf7 36. Ra3 Nb5 37. Ra2 Nd6 38. Ra1 h5 39. Ra4 Ke7 40. Ra1 Kd7 41. Ra2 Kc6 42. Rc2+ Kb5 43. Rc5+ Kb4 44. Rd5 Kc4 45. Rc5+ Kd3 46. Kg3 Nc4 47. d5 Rxa5 48. Rxa5 Nxa5 49. d6 Nc6 50. d7 Nd8 51. Kf4 Nf7 52. h4 Nd8 53. f3 exf3 54. Kxf3 Kc4 55. e4 Kd4 56. Kf4 Nf7 57. e5 fxe5+ 58. Kf3 e4+ 0-1

[Event "Hradec Kralove op"]
[Site "Hradec Kralove"]
[Date "2012.05.12"]
[Round "1"]
[White "Kirs, Pavel"]
[Black "Larsen, Peter"]
[Result "0-1"]
[WhiteElo "1789"]
[BlackElo "2232"]
[PlyCount "52"]
[EventDate "2012.05.12"]
[EventType "swiss"]
[EventRounds "9"]
[EventCountry "CZE"]
[SourceTitle "CBM 148 Extra"]
[Source "ChessBase"]
[SourceDate "2012.06.22"]
[SourceVersion "1"]
[SourceVersionDate "2012.06.22"]
[SourceQuality "1"]

1. e4 c5 2. Nf3 d6 3. c3 Nf6 4. Qc2 Nc6 5. d4 cxd4 6. cxd4 Bg4 7. Bb5 Bxf3 8. gxf3 Qb6 9. Na3 d5 10. e5 Nd7 11. Bxc6 bxc6 12. Qd3 e6 13. Nc2 c5 14. f4 cxd4 15. b3 Rc8 16. Bb2 Nc5 17. Qxd4 Qa5+ 18. Nb4 Qb5 19. Kd1 a5 20. Nc2 Nd3 21. Kd2 Nxb2 22. Qxb2 Bb4+ 23. Nxb4 Qxb4+ 24. Ke3 Rc3+ 25. Ke2 Qe4+ 26. Kf1 Qxh1+ 0-1

[Event "North Sea Cup 20th"]
[Site "Esbjerg"]
[Date "2005.07.08"]
[Round "8"]
[White "Larsen, Peter"]
[Black "Fedorov, Aleksander"]
[Result "0-1"]
[WhiteElo "2233"]
[BlackElo "2167"]
[PlyCount "50"]
[EventDate "2005.07.02"]
[EventType "swiss"]
[EventRounds "9"]
[EventCountry "DEN"]
[SourceTitle "CBM 107 Extra"]
[Source "ChessBase"]
[SourceDate "2005.09.01"]
[SourceVersion "1"]
[SourceVersionDate "2005.09.01"]
[SourceQuality "1"]

1. e4 c5 2. Nf3 e6 3. d4 cxd4 4. Nxd4 Nf6 5. Nc3 d6 6. Be3 a6 7. a4 Nc6 8. f4 Qc7 9. Nb3 b6 10. Be2 Be7 11. Qd2 0-0 12. g4 d5 13. exd5 Nxd5 14. g5 Nxe3 15. Qxe3 Bb7 16. Rg1 Nb4 17. 0-0-0 Rac8 18. Bd3 Nxd3+ 19. Rxd3 b5 20. axb5 axb5 21. Qf2 b4 22. Nb5 Qc4 23. Na7 Qxd3 24. Nxc8 Rxc8 25. Kb1 Qxb3 0-1

[Event "North Sea Cup 19th"]
[Site "Esbjerg"]
[Date "2004.07.09"]
[Round "8"]
[White "Larsen, Peter"]
[Black "Pedersen, Christian Kyndel"]
[Result "0-1"]
[WhiteElo "2221"]
[BlackElo "2357"]
[PlyCount "102"]
[EventDate "2004.07.03"]
[EventType "swiss"]
[EventRounds "9"]
[EventCountry "DEN"]
[SourceTitle "CBM 101 Extra"]
[Source "ChessBase"]
[SourceDate "2004.09.01"]
[SourceVersion "2"]
[SourceVersionDate "2004.09.01"]
[SourceQuality "1"]

1. e4 c6 2. d4 d5 3. e5 Bf5 4. c4 dxc4 5. Bxc4 e6 6. Nc3 Nd7 7. Nge2 Ne7 8. Ng3 Nb6 9. Bb3 Qd7 10. 0-0 0-0-0 11. Bg5 Bg6 12. Nce4 h6 13. Nd6+ Kb8 14. Bd2 Nec8 15. Nxc8 Rxc8 16. Ba5 Nd5 17. Qd2 Be7 18. Rae1 Bd8 19. Ne4 Bxe4 20. Rxe4 Bxa5 21. Qxa5 Ne7 22. Rd1 Rhd8 23. h3 Qc7 24. Qc3 Rd7 25. Qg3 Nf5 26. Qc3 Rcd8 27. g4 Ne7 28. Ba4 Nd5 29. Qd2 g5 30. b4 Qb6 31. a3 Nf4 32. Kh2 Qa6 33. Qc2 Qb6 34. Qc5 Qxc5 35. bxc5 Kc7 36. Rd2 Rd5 37. Rd1 b6 38. cxb6+ axb6 39. Rc1 b5 40. Bd1 Nd3 41. Rc2 Rxd4 42. Rxd4 Rxd4 43. Be2 Rd5 44. Bf3 Rc5 45. Rxc5 Nxc5 46. Bd1 Nd3 47. Kg3 Nxe5 48. f4 Nc4 49. h4 f6 50. Bb3 Nxa3 51. Bxe6 Kd6 0-1